Normal view
MARC view
- المراة-احوال اجتماعية-الاردن
Entry Topical Term
001 - CONTROL NUMBER
- control field: 33617
003 - CONTROL NUMBER IDENTIFIER
- control field: JO-AjAnu
005 - DATE AND TIME OF LATEST TRANSACTION
- control field: 20230606075635.0
008 - FIXED-LENGTH DATA ELEMENTS
- fixed length control field: 230606|| aca||aabn | a|a d
040 ## - CATALOGING SOURCE
- Original cataloging agency: JO-AjAnu
- Transcribing agency: JO-AjAnu
150 ## - HEADING--TOPICAL TERM
- Topical term or geographic name entry element: المراة-احوال اجتماعية-الاردن
670 ## - SOURCE DATA FOUND
- Source citation: Work cat.: (JO-AjAnu)17269: مؤتمن، منى م. مشارك: نائل هندي،حسين صالح،روان معايطة؛الاشراف:اسمى خضر, author 33616, تدقيق واقع إدماج النوع الاجتماعي في القطاع العام في الأردن : دراسة كمية، نوعية